000 00580nam a22002177a 4500
003 UA-OsUOA
001 37603
007 ta
008 20060331b un ||||| |||| 00| 0 ukr d
100 _aФедоряка Т.
090 _a330
_bФ11
942 _cSA
040 _aUA-OsUOA
_bukr
_cUA-OsUOA
_dUA-OsUOA
245 _aНові види економічної діяльності потребують нових підходів
300 _aС.7
955 _a0
041 _aukr
080 _a330
773 0 _w37602
650 7 _a330 Економіка взагалі
_2UDC
999 _c323781
_d323781